Con đường tơ lụa /

Con đường tơ lụa là tập du ký của tác giả Xa Mộ Kỳ được đăng trên báo "Nhân dân Trung Quốc". Sách giúp chúng ta có cảm tưởng như được xem những bức tranh sơn dầu cổ điển, đâu đó là những toà cổ thành, những thạch động......

全面介紹

Đã lưu trong:
書目詳細資料
主要作者: Xa Mộ Kỳ.
其他作者: Nguyễn Phố (dịch.)
格式: 圖書
語言:Vietnamese
Chinese
出版: Tp.HCM : Nxb Trẻ, 1986.
主題:
標簽: 添加標簽
沒有標簽, 成為第一個標記此記錄!
Thư viện lưu trữ: Mạng thư viện Đại học Đà Nẵng
LEADER 01190cam a2200361 i 4500
001 000046669
003 6171
005 20031006072608.0
008 010307b1986 vm 000 vie
020 |c 44000 
022 |a T 
040 |a IRC  |c IRC  |d IRC 
041 1 |a vie  |h chi 
082 1 4 |a 895.1  |b XA-K 
100 1 |a Xa Mộ Kỳ. 
245 0 0 |a Con đường tơ lụa /  |c Xa Mộ Kỳ ; Nguyễn Phố dịch. 
260 |a Tp.HCM :  |b Nxb Trẻ,  |c 1986. 
300 |a 464tr. ;  |c 20cm. 
520 3 |a Con đường tơ lụa là tập du ký của tác giả Xa Mộ Kỳ được đăng trên báo "Nhân dân Trung Quốc". Sách giúp chúng ta có cảm tưởng như được xem những bức tranh sơn dầu cổ điển, đâu đó là những toà cổ thành, những thạch động... 
630 0 4 |a Văn học Trung Quốc. 
630 0 4 |a Xa Mộ Kỳ. 
650 0 4 |a Văn học Trung Quốc. 
700 1 |a Nguyễn Phố,  |e dịch. 
OWN |a DUT 
999 |a From the UDN01 
TYP |a Monograph 
TYP |a Printed language 
980 |a Mạng thư viện Đại học Đà Nẵng